Historical countries/empires quiz - Statistics

General Stats
  • This quiz has been taken 727 times
    18 since last reset
  • The average score is 12 of 15
Answer Stats
Question Answer % Correct
What European empire fell in 476 CE after being finally conquered by Germanic tribes? Roman Empire
100%
Which of these modern-day countries did the British Empire NOT control? Malta, Namibia, Guyana, Belize, Benin, Guyana, Egypt, Israel, Fiji, Oman, Uganda, Bahamas. Benin
93%
Which of these modern-day countries was a part of the Soviet Union? The countries are Türkiye, Slovakia, Estonia, Finland, Romania, Poland, Mongolia, Afghanistan and Hungary. Estonia
93%
What once-powerful Muslim empire fell in 1920? Ottoman Empire
93%
What Central European empire fell after losing WW1? Austria-Hungary
86%
In what African modern-day country was the Abyssinian Empire mostly located? Ethiopia
86%
What modern-day country had an empire that is, to date, the second-largest empire in history? Mongolia
86%
The Habsburg Monarchy was the predecessor to what similar empire, which then became the answer to the question above? Austrian Empire
79%
What empire fell in 1453 after defeat at Constantinople to the Ottomans? Byzantine Empire
71%
What former country was known to some as the Land of the South Slavs? Yugoslavia
71%
The name of what empire contained three words, despite Voltaire being quoted as saying that none of those words applied to it? Holy Roman Empire
64%
In what city, outside of Europe, was the capital of the Portuguese Empire located from 1807 to 1821? Rio de Janeiro
64%
The Roman Empire fought 3 wars against what African Empire in the 3rd and 2nd centuries BCE? Carthaginian Empire
57%
The ruler of what empire commissioned the building of the Taj Mahal? Mughal Empire
57%
Which colonial power was the first to settle in most of what became known as the 13 colonies, before the Brits conquered them? Netherlands
57%
No matching quizzes found
Score Distribution
Percent of People with Each Score
Percentile by Number Answered
Your Score History
You have not taken this quiz since the last reset